[Event "First Saturday 2010 oktober FM-A"]
[Site "Budapest"]
[Date "2010.10.08"]
[Round "7"]
[White "Uche, Agu"]
[Black "Halak, Miklos"]
[Result "0-1"]
[WhiteElo "2025"]
[BlackElo "2109"]
[PlyCount "56"]
[EventDate "2010.10.02"]

1. e4 e5 2. Nf3 Nc6 3. Bb5 a6 4. Ba4 d6 5. O-O Bd7 6. c3 g6 7. d4 Bg7 8. Bg5 f6
9. Be3 Nh6 10. dxe5 Nxe5 11. Nxe5 fxe5 12. Bb3 Qe7 13. Nd2 Nf7 14. f4 exf4 15.
Rxf4 O-O 16. Bd4 b5 17. Qf3 Be6 18. Rf1 Bxb3 19. axb3 Bh6 20. Bf6 Qe6 21. Qg3
Bxf4 22. Qxf4 Ne5 23. h4 Nd7 24. e5 dxe5 25. Qf3 Nxf6 26. Ne4 Nxe4 27. Qxe4
Rxf1+ 28. Kxf1 Qf5+ 0-1

[Event "First Saturday 2010 oktober FM-A"]
[Site "Budapest"]
[Date "2010.10.08"]
[Round "7"]
[White "Tran, Minh Thang"]
[Black "Mayer, Istvan"]
[Result "1-0"]
[WhiteElo "2018"]
[BlackElo "2079"]
[PlyCount "47"]
[EventDate "2010.10.02"]

1. d4 g6 2. Bf4 Bg7 3. Nf3 d6 4. e3 c6 5. c4 Bg4 6. Nc3 Nd7 7. Be2 Qa5 8. O-O
e5 9. dxe5 dxe5 10. Bg3 f6 11. Nxe5 Nxe5 12. Bxg4 Rd8 13. Qe2 f5 14. Bf3 Nxf3+
15. Qxf3 Rd2 16. Rad1 Rxb2 17. Nb5 cxb5 18. Qxb7 Ne7 19. Rd7 O-O 20. Rxe7 Bf6
21. Qd5+ Kh8 22. Rf7 Rxf7 23. Qxf7 Qd8 24. Bc7 1-0

[Event "First Saturday 2010 oktober FM-A"]
[Site "Budapest"]
[Date "2010.10.08"]
[Round "7"]
[White "Zala, Gyula"]
[Black "Borda, Lajos"]
[Result "0-1"]
[WhiteElo "2023"]
[BlackElo "2107"]
[PlyCount "30"]
[EventDate "2010.10.02"]

1. e4 c5 2. a3 e5 3. Nf3 Nc6 4. c3 d5 5. exd5 Qxd5 6. b4 e4 7. Ng1 Ne5 8. Bb5+
Bd7 9. Bxd7+ Qxd7 10. Ne2 Nd3+ 11. Kf1 Qf5 12. f3 exf3 13. Ng3 fxg2+ 14. Kxg2
Qf2+ 15. Kh3 Nf4+ 0-1

[Event "First Saturday 2010 oktober FM-A"]
[Site "Budapest"]
[Date "2010.10.08"]
[Round "7"]
[White "Grimm, Daniel"]
[Black "Kantor, Reka"]
[Result "1/2-1/2"]
[WhiteElo "1879"]
[BlackElo "2003"]
[PlyCount "44"]
[EventDate "2010.10.02"]

1. e4 e5 2. Nf3 Nc6 3. Bb5 a6 4. Ba4 Nf6 5. O-O Nxe4 6. d4 b5 7. Bb3 d5 8. dxe5
Be6 9. Nbd2 Be7 10. Re1 Nc5 11. a3 O-O 12. Ba2 Bg4 13. Nb3 Ne6 14. Qd3 g6 15.
Nfd4 Ncxd4 16. Nxd4 Qd7 17. h3 Nxd4 18. Qxd4 Be6 19. Be3 c5 20. Qd2 Rfd8 21.
Rad1 a5 22. Bg5 Bxg5 1/2-1/2

[Event "First Saturday 2010 oktober FM-A"]
[Site "Budapest"]
[Date "2010.10.09"]
[Round "8"]
[White "Halak, Miklos"]
[Black "Kantor, Reka"]
[Result "1/2-1/2"]
[WhiteElo "2109"]
[BlackElo "2003"]
[PlyCount "66"]
[EventDate "2010.10.02"]

1. e4 e5 2. Nf3 Nc6 3. Bb5 a6 4. Ba4 Nf6 5. O-O Nxe4 6. Re1 Nc5 7. Bxc6 dxc6 8.
Nxe5 Be7 9. d4 Ne6 10. c3 O-O 11. Be3 Re8 12. f4 Bd6 13. f5 Nf8 14. Qh5 Bxe5
15. dxe5 Rxe5 16. Nd2 Rxf5 17. Qe2 Re5 18. Qf2 Ng6 19. Nf3 Re8 20. Rad1 Bd7 21.
Rd2 Qc8 22. Ng5 f6 23. Rf1 Be6 24. Nxe6 Qxe6 25. Bd4 Rad8 26. Rc2 Ne5 27. Qg3
Qd6 28. Rcf2 Ng6 29. Qg4 c5 30. Bxf6 gxf6 31. Rxf6 Qd7 32. Qc4+ Qd5 33. Qg4 Qd7
1/2-1/2

[Event "First Saturday 2010 oktober FM-A"]
[Site "Budapest"]
[Date "2010.10.09"]
[Round "8"]
[White "Borda, Lajos"]
[Black "Grimm, Daniel"]
[Result "1-0"]
[WhiteElo "2107"]
[BlackElo "1879"]
[PlyCount "67"]
[EventDate "2010.10.02"]

1. d4 Nf6 2. c4 g6 3. Nc3 Bg7 4. e4 d6 5. h3 c5 6. d5 O-O 7. Be3 e6 8. Rc1 exd5
9. exd5 Na6 10. Be2 Nc7 11. Nf3 a6 12. O-O Rb8 13. Bd3 b5 14. b3 Re8 15. Qc2 b4
16. Ne2 Nh5 17. g4 Nf6 18. Ng3 a5 19. Bf4 h5 20. gxh5 Nxh5 21. Nxh5 gxh5 22.
Kg2 Qd7 23. Rh1 Ra8 24. Ng5 Qe7 25. Bh7+ Kh8 26. Bf5 Kg8 27. Bxc8 Raxc8 28.
Qh7+ Kf8 29. Qxh5 Kg8 30. Rhg1 Qf6 31. Be3 Re7 32. Kh1 Rce8 33. Qh7+ Kf8 34.
Qh8+ 1-0

[Event "First Saturday 2010 oktober FM-A"]
[Site "Budapest"]
[Date "2010.10.09"]
[Round "8"]
[White "Mayer, Istvan"]
[Black "Zala, Gyula"]
[Result "1-0"]
[WhiteElo "2079"]
[BlackElo "2023"]
[PlyCount "62"]
[EventDate "2010.10.02"]

1. e4 g6 2. d4 c5 3. c3 Bg7 4. Nf3 b6 5. Bc4 Qc7 6. Na3 a6 7. dxc5 Bb7 8. cxb6
Qxb6 9. O-O Nf6 10. e5 Ng4 11. Bd5 Nc6 12. Nc4 Qc7 13. Bf4 O-O 14. h3 Nh6 15.
Qd2 Nf5 16. e6 d6 17. exf7+ Kh8 18. Ng5 Ne5 19. Ne6 Nxc4 20. Nxc7 Nxd2 21. Bxb7
Ra7 22. Bxd2 Rxb7 23. Ne6 Ra8 24. Nxg7 Nxg7 25. b3 e5 26. f4 e4 27. c4 Ne6 28.
Rae1 Nc5 29. b4 Ne6 30. Rxe4 Re7 31. Rxe6 Rxe6 1-0

[Event "First Saturday 2010 oktober FM-A"]
[Site "Budapest"]
[Date "2010.10.09"]
[Round "8"]
[White "Farkas, Richard"]
[Black "Tran, Minh Thang"]
[Result "0-1"]
[WhiteElo "1960"]
[BlackElo "2018"]
[PlyCount "52"]
[EventDate "2010.10.02"]

1. e4 c5 2. Nc3 g6 3. g3 Bg7 4. Bg2 Nc6 5. d3 d6 6. Be3 Nf6 7. f3 Rb8 8. Qd2 b5
9. Bh6 O-O 10. h4 b4 11. Nd5 e6 12. Bxg7 Kxg7 13. Nxf6 Qxf6 14. O-O-O a5 15.
Ne2 a4 16. d4 Ba6 17. e5 dxe5 18. dxc5 a3 19. Rhe1 Bxe2 20. Rxe2 e4 21. c3
axb2+ 22. Qxb2 bxc3 23. Qa1 exf3 24. Rf2 Rb2 25. Rxf3 Nd4 26. Re3 Rc2+ 0-1

[Event "First Saturday 2010 oktober FM-A"]
[Site "Budapest"]
[Date "2010.10.09"]
[Round "8"]
[White "Uche, Agu"]
[Black "Czibulka, Zoltan dr"]
[Result "0-1"]
[WhiteElo "2025"]
[BlackElo "2080"]
[PlyCount "83"]
[EventDate "2010.10.02"]

1. e4 e6 2. d3 d5 3. Nd2 c5 4. g3 Nc6 5. Bg2 Nf6 6. Ngf3 b5 7. c3 Bb7 8. O-O
dxe4 9. dxe4 Be7 10. e5 Nd7 11. Re1 Qc7 12. Qe2 c4 13. Nf1 Nc5 14. Bf4 h6 15.
h4 Nd3 16. Red1 Bc5 17. Ne3 Ne7 18. b3 Nxf4 19. gxf4 Bxe3 20. fxe3 Nd5 21. Rac1
Rc8 22. Nd4 a6 23. a3 g6 24. Kf2 h5 25. Qf3 Rb8 26. Qg3 Ne7 27. Bh3 Be4 28. Qg5
Nd5 29. Ne2 Qe7 30. Qg3 a5 31. b4 axb4 32. axb4 Ra8 33. Ra1 O-O 34. f5 Rxa1 35.
Rxa1 exf5 36. Ra6 Kh7 37. e6 fxe6 38. Nf4 Nxf4 39. exf4 Rd8 40. Bf1 Ra8 41.
Rxa8 Bxa8 42. Be2 {after 9 move} 0-1

 8 move} 0-1

[Event "First Saturday 2010 oktober FM-A"]
[Site "Budapest"]
[Date "2010.10.10"]
[Round "9"]
[White "Tran, Minh Thang"]
[Black "Uche, Agu"]
[Result "0-1"]
[WhiteElo "2018"]
[BlackElo "2025"]
[PlyCount "127"]
[EventDate "2010.10.02"]

1. d4 d6 2. Nf3 Nf6 3. Bf4 g6 4. c4 Bg7 5. Nc3 Nc6 6. Qd2 O-O 7. Bh6 Bf5 8.
Bxg7 Kxg7 9. g3 Ne4 10. Qe3 Nb4 11. O-O-O Nxc3 12. bxc3 Na6 13. Nh4 Bd7 14. f4
c5 15. Kb1 cxd4 16. cxd4 Qb6+ 17. Ka1 Nb4 18. Qb3 Qa5 19. Rb1 Na6 20. Bg2 Rab8
21. Qd3 Rfc8 22. Rb2 b5 23. cxb5 Bxb5 24. Qe3 Bc4 25. Qd2 Qa3 26. Rhb1 Rxb2 27.
Qxb2 Qe3 28. Rc1 Rb8 29. Qc3 Qxc3+ 30. Rxc3 d5 31. Rc2 Rb4 32. e3 Ra4 33. Bf3
Nb4 34. Rb2 Nxa2 35. Rb7 Nb4+ 36. Kb1 Nc6 37. Rc7 Rb4+ 38. Ka1 Rb6 39. Rd7 e6
40. Bg4 Nb4 41. Kb2 Nd3+ 42. Kc2 a5 43. Ra7 a4 44. Nf3 h6 45. Nd2 Ba6 46. Nb1
Nf2 47. Rxa6 Rxa6 48. Be2 Rb6 49. Nc3 Rb4 50. Nb1 Ne4 51. Bd3 Nd6 52. Kc3 Rb7
53. Bc2 Rc7+ 54. Kd3 Rc4 55. Na3 Rc7 56. h3 Nc4 57. Nb5 Rb7 58. Nc3 a3 59. Bb1
Rxb1 60. Nxb1 a2 61. Nc3 a1=Q 62. g4 Qb2 63. Nb1 Qxb1+ 64. Ke2 0-1

[Event "First Saturday 2010 oktober FM-A"]
[Site "Budapest"]
[Date "2010.10.10"]
[Round "9"]
[White "Zala, Gyula"]
[Black "Farkas, Richard"]
[Result "1/2-1/2"]
[WhiteElo "2023"]
[BlackElo "1960"]
[PlyCount "21"]
[EventDate "2010.10.02"]

1. b3 d5 2. b4 e5 3. Bb2 Bd6 4. f4 exf4 5. Bxg7 Qh4+ 6. g3 fxg3 7. Bg2 gxh2+ 8.
Kf1 hxg1=Q+ 9. Kxg1 Qxb4 10. Bxh8 f6 11. Nc3 1/2-1/2

[Event "First Saturday 2010 oktober FM-A"]
[Site "Budapest"]
[Date "2010.10.10"]
[Round "9"]
[White "Grimm, Daniel"]
[Black "Mayer, Istvan"]
[Result "1/2-1/2"]
[WhiteElo "1879"]
[BlackElo "2079"]
[PlyCount "29"]
[EventDate "2010.10.02"]

1. e4 e6 2. d4 d5 3. Nc3 Bb4 4. a3 Bxc3+ 5. bxc3 Qd7 6. exd5 exd5 7. c4 Qe6+ 8.
Be3 dxc4 9. d5 Qg6 10. Nf3 Nf6 11. Bxc4 O-O 12. O-O Bh3 13. Ne1 Nbd7 14. Bd3
Bf5 15. Qf3 1/2-1/2

[Event "First Saturday 2010 oktober FM-A"]
[Site "Budapest"]
[Date "2010.10.10"]
[Round "9"]
[White "Kantor, Reka"]
[Black "Borda, Lajos"]
[Result "1/2-1/2"]
[WhiteElo "2003"]
[BlackElo "2107"]
[PlyCount "37"]
[EventDate "2010.10.02"]

1. e4 c5 2. Nf3 a6 3. c4 e6 4. Nc3 b6 5. d4 cxd4 6. Nxd4 Bb7 7. f3 d6 8. Be3
Nf6 9. Be2 Be7 10. O-O O-O 11. Qd2 Nbd7 12. Rfd1 Rc8 13. Bf1 Re8 14. Qf2 Ne5
15. Nb3 Nfd7 16. Na4 Nxc4 17. Bxc4 Rxc4 18. Nxb6 Nxb6 19. Bxb6 1/2-1/2